000 00703nam a22002172 4500
001 0000007016
005 20151217161137.0
008 071107s xx 000 0 eng d
020 _a0198605226 :
_cKES 1220
040 _aKABU
_cKABU
100 1 _aFenna, Donald.
_@0000158031
245 1 2 _aA Dictionary of weights, measures, and units /
_cDonald Fenna.
260 _aOxford :
_bO. U. P.,
_c2002.
300 _ax, 320 p.
650 0 _aWeights and measures
_xDictionaries.
_@0000158032
650 0 _aMeasurement
_xDictionaries.
_@0000158033
650 0 _aUnits of measurement
_xDictionaries.
_@0000158034
908 _a071107
950 _@1
999 _c15018
_d15018